Co dál se statistikou základních prostředků?

Rozdiely v ponímaní základných prostriedkov do r. 1990 a podľa terajšej normy. Obsah hmotného investičného majetku. Účel štatistiky hmotného investičného majetku. Modelové prepočty stavu fixného kapitálu. Holandská prax s využitím výberového zisťovania a kombinácie priameho zisťovania s metódou stál...

Ausführliche Beschreibung

Gespeichert in:
Bibliographische Detailangaben
1. Verfasser: Jílek, Josef
Format: Buchkapitel
Sprache:Tschechisch
Schlagworte:
Tags: Tag hinzufügen
Keine Tags, Fügen Sie das erste Tag hinzu!

MARC

LEADER 00000naa a2200000 4500
001 r012481
005 20220826094847.1
041 0 |a cze 
044 |a CZ 
245 1 0 |a Co dál se statistikou základních prostředků?  |c J. Jílek 
520 |a Rozdiely v ponímaní základných prostriedkov do r. 1990 a podľa terajšej normy. Obsah hmotného investičného majetku. Účel štatistiky hmotného investičného majetku. Modelové prepočty stavu fixného kapitálu. Holandská prax s využitím výberového zisťovania a kombinácie priameho zisťovania s metódou stálej postupnej inventarizácie. 
610 2 0 |a prostriedky základné 
610 2 0 |a majetok investičný 
610 2 0 |a metódy štatistické 
610 2 0 |a ČSFR 
610 2 0 |a Holandsko 
610 2 0 |a kapitál fixný 
610 2 0 |a zisťovanie výberové 
100 1 |a Jílek, Josef